000 00530 a2200169 4500
999 _c7670
_d7670
020 _a9781408030493
050 _aHF 5667 GRA 2008
100 _aGray, Iain
_eauthor
245 _aThe audit process :
_bprinciples, practice and cases
_cIain Gray and Stuart Manson
250 _aFifth edition
264 _aHampshire:
_bCengage Learning,
_c2008.
300 _a833p. :
500 _aIncludes index
650 _aAuditing
_xProblems, exercises, etc
700 _aManson, Stuart
_eauthor
942 _2lcc
_cBK
_eFifth edition
_h5667
_iGRA
_kHF